| 000 | 00538nam a2200205Ia 4500 | ||
|---|---|---|---|
| 001 | 15020 | ||
| 003 | IVS | ||
| 005 | 20250626030219.0 | ||
| 008 | 211022s9999 xx 000 0 und d | ||
| 020 | _a9694072670 | ||
| 040 | _cMAL | ||
| 082 | _a791.43 /JAB | ||
| 100 | _aJabbar, Javed | ||
| 245 | 0 | _aBeyond the last mountain | |
| 260 | _c2002 | ||
| 300 | _a298 pages | ||
| 650 | _aPakistan`s first english-language feature film | ||
| 650 | _aoriginal screenplay and the script of the filmed version with stills | ||
| 942 |
_cBK _n0 _2ddc |
||
| 999 |
_c8448 _d8448 |
||